000
00489nam a2200181Ia 4500
008
090711s9999 xx 000 0 und d
082
_b
43598
100
_a
ओशो रजनीश
245
_a
ताओ उपनिषदे
260
_c
1977
300
_a
48
600
_a
ओशो रजनीश
630
_a
ताओ उपनिषदे
700
_a
ओशो
700
_a
ओशो रजनीश
730
_a
ताओ उपनिषदे
942
_c
BOOK
999
_c
285647
_d
285647